000 00321nab a22001097u 4500
008 130520b1980 xxu||||| |||| 00| 0 spa d
041 _aspa
100 1 _aKnitter, P.
_967153
245 0 0 _aEl cristianismo como religión absoluta
_cP. Knitter
773 0 _tConcilium
_gV.2,1980,págs.329-347
_x0210-1041
_wRev134
942 _cAR
999 _c354617
_d354617